000 01380nam a2200349 i 4500
003 DO-SdBNP
005 20260506094804.0
007 ta
008 240813b2015 dr |||| |||| 00| 0 spa d
020 _a9789945857856
040 _aDO-SdBNP
_bspa
_cBNPHU
_erda
041 _aspa
082 4 _a972.93054
_bB742j
_222
245 1 0 _aJuan Bosch :
_bAbril y Caamaño; textos selectos y documentos históricos /
_ceditor, Matías Bosch C.
250 _aSegunda edición ampliada
264 4 _aSanto Domingo, República Dominicana :
_bFundación Juan Bosch,
_c©2015.
300 _a254 páginas ;
_c22 cm.
336 _atexto
_btxt
_2rdacontent
337 _asin mediación
_bn
_2rdamedia
338 _avolumen
_bnc
_2rdacarrier
490 0 _aBosch vive
_v12
500 _aIncluye índice onomástico.
590 _aInventariado, 2024/ YL
600 1 0 _aCaamaño Deñó, Francisco Alberto,
_d1932-1973
_985085
_vCorrespondencia
651 7 _aRepública Dominicana
_xRevolución, 1965
_zHistoria
_986327
651 7 _aRepública Dominicana
_xHistoria
_yEra de Trujillo, 1930-1961
_978796
651 4 _aRepública Dominicana
_xHistoria
_y1966-1978
_984268
651 7 _aRepública Dominicana
_xHistoria
_yOcupación norteamericana, 1965-1966
_989474
700 1 _aBosch Carcuro, Matías
_eeditor
_4ed.
910 _aYLockward/Validado. Control de calidad MFF
942 _2ddc
_cLBS1
999 _c57431
_d57431